| 000 | 00000nam##2200000za#4500 |
| 001 | 9.697988 |
| 003 | CaOODSP |
| 005 | 20210624235727 |
| 007 | cr ||||||||||| |
| 008 | 150407|2004||||xxc|||||o f|0| 0 eng|d |
| 040 | |aCaOODSP|beng |
| 043 | |an-cn--- |
| 086 | 1 |aHS4-12/2004E-PDF |
| 110 | 1 |aCanada. |bHuman Resources and Skills Development Canada. |bLabour Program. |
| 245 | 10|aProtect your head! |h[electronic resource] |
| 260 | |aGatineau - Quebec : |bHuman Resources and Skills Development Canada. |cc2004. |
| 300 | |a12p.|bcoloured illus., photographs |
| 500 | |aThe catalogue number (HS4-12/2004) and ISBN (0-662-68247-5) for the bilingual print edition have been incorrectly copied in this electronic publication. |
| 590 | |a13-15-Supp|b2013-06-24 |
| 690 | 07|aWorkplace safety|2gcpds |
| 775 | 08|tProtégez votre tête! |w(CaOODSP)9.641985 |
| 794 | |tProtect your head! |w(CaOODSP)9.876715 |
| 856 | 40|ahttp://publications.gc.ca|qPDF|s680 KB|uhttps://publications.gc.ca/collections/collection_2013/rhdcc-hrsdc/HS4-12-2004-eng.pdf |
| 986 | |aLT-149-06-04 |